000 01197nam a22001577a 4500
999 _c516691
_d516691
008 210310b ||||| |||| 00| 0 eng d
100 _aKumar, Dilip
_925977
245 _aFacets of Indian modernity: Realm of possibilities
260 _aBihar Journal of Public Administration
300 _a17(1), Jan-June, 2020: p.206-215
520 _aModernity is invariably related to the spirit of freedom. This freedom is rooted in the critical consciousness that it generates. There is nothing which is beyond critical examination. Instead, everything – including the most sacred-has to be observed, verified and interrogated. No wonder, this fundamental Enlightenment spirit which was evolved through the historic Renaissance and Reformation, broke the static/taken for granted world: a world often legitimated by social customs, religious sanctions and an institutionalized divine order. As such the present paper examines the phenomena of modernity in context Indian traditions and thoughts. – Reproduced
650 _aModernity, National struggle, Gandhi, Ambedkar, Aurobindo, Nehru, India
_923256
773 _aBihar Journal of Public Administration
906 _aMODERNITY
942 _cAR